000 00472nam a2200121Ia 4500
008 220620s9999||||xx |||||||||||||| ||und||
100 _aMarginson, Simon
245 4 _aThe Dream Is Over
_bThe Crisis of Clark Kerr’s California Idea of Higher Education
546 _aEnglish[eng]
650 _aEducation||Educational Policy & Reform||General||Education||Higher
856 _uhttps://library.oapen.org/bitstream/20.500.12657/43772/1/external_content.epub
942 _cEB
999 _c27350
_d27350